| 000 | 00815nam a2200265 a 4500 | ||
|---|---|---|---|
| 001 | 000015966 | ||
| 003 | DO-SdBNP | ||
| 005 | 20260114121206.0 | ||
| 007 | ta | ||
| 008 | 100222s1971 dr ab 000 0 spa d | ||
| 040 |
_aDO-SdBNP _bspa _cBNPHU _erda |
||
| 082 | 4 |
_a372.832 _bV768m _222 |
|
| 100 | 1 |
_aVincent Cepeda, Rosa A. _935868 |
|
| 245 | 1 | 0 |
_aManual de cívica / _cRosa A. Vincent Cepeda. |
| 264 | 1 |
_aSanto Domingo : _bAmigo del Hogar, _c1971. |
|
| 300 |
_a175 páginas _bilustraciones, mapas _c21 cm. |
||
| 336 |
_2rdacontent _atexto _btxt |
||
| 337 |
_2rdamedia _asin mediación _bn |
||
| 338 |
_2rdacarrier _avolumen _bnc |
||
| 504 | _aBibliográfía : p. 165 | ||
| 590 | _aInventariado, 2021/MF | ||
| 650 | 0 |
_aEducación cívica _91206 |
|
| 910 | _aValidado. Control de calidad MFF | ||
| 942 |
_2ddc _cLBS1 |
||
| 999 |
_c15508 _d15508 |
||